BIBLIOTECA

SENCICO

Los suelos y las rocas en ingeniería geológica : herramientas de estudio (Registro nro. 721)

Detalles MARC
000 -LEADER
fixed length control field 00711nam a2200265Ia 4500
005 - DATE AND TIME OF LATEST TRANSACTION
control field 20251020182447.0
008 - FIXED-LENGTH DATA ELEMENTS--GENERAL INFORMATION
fixed length control field 200515s9999 xx 000 0 und d
020 ## - INTERNATIONAL STANDARD BOOK NUMBER
International Standard Book Number 978-84-8363-097-6
082 ## - DEWEY DECIMAL CLASSIFICATION NUMBER
Classification number 552.48.631/T73
100 ## - MAIN ENTRY--PERSONAL NAME
Personal name Cortés Gimeno, Rafael
100 ## - MAIN ENTRY--PERSONAL NAME
Personal name Torrijo Echarri, Francisco Javier
245 #0 - TITLE STATEMENT
Title Los suelos y las rocas en ingeniería geológica : herramientas de estudio
260 ## - PUBLICATION, DISTRIBUTION, ETC.
Place of publication, distribution, etc. Valencia
260 ## - PUBLICATION, DISTRIBUTION, ETC.
Name of publisher, distributor, etc. Universidad Politécnica de Valencia
260 ## - PUBLICATION, DISTRIBUTION, ETC.
Date of publication, distribution, etc. [2007]
300 ## - PHYSICAL DESCRIPTION
Extent 202 p.
300 ## - PHYSICAL DESCRIPTION
Other physical details il., tbl., graf.
500 ## - GENERAL NOTE
General note 1 ejemplar
650 ## - SUBJECT ADDED ENTRY--TOPICAL TERM
Topical term or geographic name entry element GEOLOGIA
650 ## - SUBJECT ADDED ENTRY--TOPICAL TERM
Topical term or geographic name entry element INGENIERIA GEOLOGICA
650 ## - SUBJECT ADDED ENTRY--TOPICAL TERM
Topical term or geographic name entry element ROCAS
650 ## - SUBJECT ADDED ENTRY--TOPICAL TERM
Topical term or geographic name entry element SUELOS
942 ## - ADDED ENTRY ELEMENTS (KOHA)
Koha item type Libros
Existencias
Fecha de la última vez que lo usaron Pago total Signatura topográfica completa Código de barras Precio efectivo desde Tipo de documento Estado perdido Estado dañado No es para préstamo Retirado Ubicación permanente Ubicación actual Fecha de adquisición
15/05/2020   552.48.631/T73 Bib-Lima15050721 15/05/2020 Libros         Biblioteca Central Lima Biblioteca Central Lima 15/05/2020